The Play Produced (Record no. 186827)
[ view plain ]
| 000 -LEADER | |
|---|---|
| fixed length control field | 00760 a2200169 4500 |
| 003 - CONTROL NUMBER IDENTIFIER | |
| control field | Nust |
| 005 - DATE AND TIME OF LATEST TRANSACTION | |
| control field | 20230120181002.0 |
| 040 ## - CATALOGING SOURCE | |
| Transcribing agency | Nust |
| 082 ## - DEWEY DECIMAL CLASSIFICATION NUMBER | |
| Classification number | 808.82,FER |
| 100 ## - MAIN ENTRY--PERSONAL NAME | |
| Personal name | Fernald, John |
| 9 (RLIN) | 107287 |
| 245 ## - TITLE STATEMENT | |
| Title | The Play Produced |
| Remainder of title | An introduction to the technique of producing plays / |
| Statement of responsibility, etc. | John Fernald |
| 260 ## - PUBLICATION, DISTRIBUTION, ETC. | |
| Place of publication, distribution, etc. | London |
| Name of publisher, distributor, etc. | H.F.W. Deane & Sons |
| 300 ## - PHYSICAL DESCRIPTION | |
| Extent | 137:p |
| 505 ## - FORMATTED CONTENTS NOTE | |
| Formatted contents note | Introduction (Page-1), The Producer and Playwright (Page-7), Dramatic Contrast in Production (Page-15), Dramatic Contrast (Page-39), Dramatic Contrast (Page-50), Interpretation in Production (Page-67), Form in Production (Page-92), Some Special Problems in the Production Of Comedy (Page-108), Production Practice (Page-126). |
| 650 ## - SUBJECT ADDED ENTRY--TOPICAL TERM | |
| Topical term or geographic name entry element | Short Story |
| 9 (RLIN) | 107288 |
| 942 ## - ADDED ENTRY ELEMENTS (KOHA) | |
| Source of classification or shelving scheme | |
| Koha item type | Book |
| Withdrawn status | Lost status | Source of classification or shelving scheme | Damaged status | Not for loan | Permanent Location | Current Location | Shelving location | Date acquired | Full call number | Barcode | Date last seen | Price effective from | Koha item type | Public note |
|---|---|---|---|---|---|---|---|---|---|---|---|---|---|---|
| Military College of Signals (MCS) | Military College of Signals (MCS) | General Stacks | 12/12/2016 | 808.82,FER | MCS29917 | 12/08/2016 | 12/12/2016 | Book | Almirah No.56, Shelf No.3 |
